Music Quiz

Random Music or Billboard Quiz

Recording Artist by Debut Album VII Quiz Stats

 Plays Quiz Updated Jan 29, 2021

Support Sporcle.
Go Orange.
Score 0/12 Timer 02:00
2 Plays Today
% Correct
Justin Timberlake
98.6%
Pink
97.8%
Johnny Cash
96.8%
Lionel Richie
96.4%
The Who
96%
The Beach Boys
95.5%
Donna Summer
95.4%
Barry White
94.6%
Shania Twain
90.4%
The Carpenters
85.3%
R.E.M.
83.2%
Earth, Wind & Fire
82.7%

You're not logged in!

Compare scores with friends on all Sporcle quizzes.
OR
Log In

From the Vault

Obscure Knowledge - NFL Teams

by PenguinsMeercats

The least popular teams finally get their chance to be the best answers.
Remove Ads.
Support Sporcle.
Get the best of Sporcle when you Go Orange. This ad-free experience offers more features, more stats, and more fun while also helping to support Sporcle. Thank you for becoming a member.

Show Comments

Extras

Top Quizzes Today


Score Distribution

Your Account Isn't Verified!

In order to create a playlist on Sporcle, you need to verify the email address you used during registration. Go to your Sporcle Settings to finish the process.

Report this User

Report this user for behavior that violates our Community Guidelines.

Details: